000 00666nam a22002172 4500
001 0000005765
005 20151217152005.0
008 070716s xx 000 0 eng d
020 _a0521498473 :
_cKES 600
040 _aKABU
_cKABU
050 0 _aTK7818
_b.H39
100 1 _aHayes, Thomas C.
_@0000156975
245 1 0 _aStudent manual for the art of electronics /
_cThomas C. Hayes and Paul Horowitz.
260 _aCambridge :
_bCUP,
_c1989.
300 _aix, 614 p.
650 0 _aElectronics
_vLaboratory manuals.
_@0000156976
700 1 _aHorowitz, Paul.
_@0000156971
908 _a070716
950 _@1
999 _c7064
_d7064